Don Segundo Sombra
Saved in:
| Hovedforfatter: | |
|---|---|
| Format: | Bog |
| Sprog: | spansk |
| Udgivet: |
Buenos Aires
Losada
1961
|
| Udgivelse: | 19a. ed |
| Serier: | Biblioteca Contemporánea, 49
|
| Fag: | |
| Tags: |
Tilføj Tag
Ingen Tags, Vær først til at tagge denne postø!
|
MARC
| LEADER | 00000nam a2200000 a 4500 | ||
|---|---|---|---|
| 001 | UCT4780 | ||
| 003 | CL-VaPUC | ||
| 008 | 961122e19610000AG |||||||||||||||||spa|d | ||
| 082 | 0 | 4 | |a Ar863 |b GUI |2 21 |
| 100 | |a Güiraldes, Ricardo |e autor |9 303637 | ||
| 245 | 1 | 0 | |a Don Segundo Sombra |
| 250 | |a 19a. ed | ||
| 300 | |a 184 p | ||
| 942 | |c BK | ||
| 945 | |d 19961122 00:00:00 |a rleighto | ||
| 260 | |a Buenos Aires |b Losada |c 1961 | ||
| 650 | 0 | |a Novelas argentinas |9 267871 | |
| 583 | |a last modification |c 19961122 00:00:00 |k Rodrigo Vera | ||
| 490 | 0 | |a Biblioteca Contemporánea, 49 | |
| 999 | |c 253936 |d 253934 | ||
| 952 | |0 0 |1 0 |4 0 |6 AR_863_000000000000000_GUI_1961 |7 0 |8 R |9 275147 |a BIBEDU |b BIBEDU |c MCIRC |d 2019-11-19 |i 3253686 |o Ar863 GUI 1961 |p 3253686 |r 2023-01-13 |w 2019-11-19 |y BK_R |k LIT | ||